00790ngm a22002177a 450000500170000000800410001704100080005808200120006610000170007824500340009526000130012926000450014226000090018730000150019650002840021165000110049565000130050665000150051965000110053465000270054520170224100511.0150325b xxu||||| |||| 00| 0 spa d aspa a313 DVD aBredar, John aStress: retrato de un asesino aMéxico bNational GeographicbStanford University c2009 a52 minutos aEn el vídeo se muestran investigaciones en torno al estrés. Se demuestra que en las sociedades las personas con menor rango jerárquico en una empresa son las personas que presenten el mayor indice de estrés. Se demuestra que el estrés esta asociado a otras enfermedades aSTRESS aESTRÉS aSÍNTOMAS aCAUSAS aENFERMEDADES ASOCIADAS